000 00715nam a2200205Ia 4500
003 GCL
008 140319s9999 xx 000 0 ara d
040 _aGCL /
_cGCL
082 0 4 _a212.5
_bا م
100 1 _aاحمد بن محمد طاحون
245 1 0 _a"من حكم التحريم بالرضاعة واحكامة"" الرضاعة تحرم ماتحرم الولادة""" /
_cاحمد بن محمد طاحون
260 _a[S.N] :
_bمكتبة التراث الاسلامى ،
_c1990
300 _a35 ص
490 _a
650 0 4 _aالزواج
650 0 4 _aالشريعة الاسلامية
650 0 4 _aالاحوال الشخصية للمسلمين
650 0 4 _aالرضاعة
942 _2ddc
_cBK
999 _c55226
_d55226